Essays in Indian folk traditions: (Record no. 15588)

MARC details
000 -LEADER
fixed length control field 01034nam a22002657a 4500
005 - DATE AND TIME OF LATEST TRANSACTION
control field 20080923102150.0
008 - FIXED-LENGTH DATA ELEMENTS--GENERAL INFORMATION
fixed length control field 080923t xxu||||| |||| 00| 0 eng d
010 ## - LCCN (DPL NO)
LC control number ENG-91035
020 ## - INTERNATIONAL STANDARD BOOK NUMBER
Terms of availability 600.00
International Standard Book Number 9788188555239
035 ## - SYSTEM CONTROL NUMBER
System control number EN-74568
037 ## - SOURCE OF ACQUISITION
Source of stock number/acquisition DBAD / PUB
040 ## - CATALOGING SOURCE
Original cataloging agency dpl
Language of cataloging English
082 ## - DEWEY DECIMAL CLASSIFICATION NUMBER
Classification number 398.0954
100 ## - MAIN ENTRY--PERSONAL NAME
Personal name Vatuk, Ved Prakash.
245 ## - TITLE STATEMENT
Title Essays in Indian folk traditions:
Statement of responsibility, etc edited by Kira Hall
Remainder of title collected writings of Ved Prakash Vatuk /
260 ## - PUBLICATION, DISTRIBUTION, ETC. (IMPRINT)
Place of publication, distribution, etc Meerut
Name of publisher, distributor, etc Archana Publications
Date of publication, distribution, etc 2007
270 ## - ADDRESS
Address 286, Chanakya Puri, Sadar
City Meerut
Postal code 250001
300 ## - PHYSICAL DESCRIPTION
Extent xxx, 472p.
Dimensions 22 cm (Hb)
500 ## - GENERAL NOTE
General note Includes bibliographical references.
546 ## - LANGUAGE NOTE
Language note Includes passages in Hindi and Urdu (romanized).
650 ## - SUBJECT ADDED ENTRY--TOPICAL TERM
Topical term or geographic name as entry element Folklore
Geographic subdivision India.
700 ## - ADDED ENTRY--PERSONAL NAME
Personal name Hall, Kira,
Dates associated with a name 1962-
942 ## - ADDED ENTRY ELEMENTS (KOHA)
Source of classification or shelving scheme Dewey Decimal Classification
Item type English Books
Call number suffix VAT
Classification part 398.0954
Holdings
Withdrawn status Lost status Source of classification or shelving scheme Damaged status Not for loan Collection code Home library Current library Date acquired Source of acquisition Cost, normal purchase price Total Checkouts Full call number Barcode Date last seen Copy number Cost, replacement price Koha item type
    Dewey Decimal Classification   Not For Loan Non-fiction D.B.Act.Division D.B.Act.Division 23/09/2008 DBAD / PUB 600.00   398.0954 VAT EN-74568 23/09/2008 1 600.00 English Books

© Delhi Public Library
Hit Counter
free hit counter